| 000 | 01565nam a22002537a 4500 | ||
|---|---|---|---|
| 999 |
_c62393 _d62393 |
||
| 003 | Ge_BSU | ||
| 005 | 20241022104358.0 | ||
| 008 | 241022s1999 ge ||||| |||| 00| 0 geo d | ||
| 041 | _ageo | ||
| 080 | _a616.31(075.8) თ-49 | ||
| 245 |
_aთერაპიული სტომატოლოგია : _b[სახელმძღვ.] / _cავტ.: ე. ვ. ბოროვსკი, ი. დ. ბარიშევა, ი. მ. მაქსიმოვსკი და სხვ.]; ე. ვ. ბოროვსკის რედ.; [რუს. თარგმ. ხათუნა გაბიტაშვილისა]; თარგმ. რედ.: ლია ჭელიძე. |
||
| 250 | _aმე-2 გადამუშ და შევს. გამოც. | ||
| 264 |
_aთბ. : _bმთაწმინდელი, _c1999. |
||
| 300 |
_a551 გვ. : _b სურ. ; _c20 სმ. |
||
| 653 | _aთერაპიული სტომატოლოგია | ||
| 653 | _aმედიცინა | ||
| 700 |
_aბოროვსკი, ე. ვ. _eავტორი _923469 |
||
| 700 |
_aბარიშევა, ი. დ. _eავტორი _923470 |
||
| 700 |
_aმაქსიმოვსკი, ი. მ. _eავტორი _923471 |
||
| 700 |
_aბოროვსკი, ე. ვ. _eრედაქტორი _923469 |
||
| 700 |
_aგაბიტაშვილი, ხ. _eმთარგმნელი _923472 |
||
| 700 |
_aჭელიძე, ლია _eრედაქტორი _93310 |
||
| 942 |
_2udc _cᲬᲘᲒᲜᲘ |
||